Państwa Europy na Ślepo - Statystyki

Ogólne statystyki
  • Ten quiz został rozwiązany 97 razy
  • Średni wynik to 37 z 45
Odpowiedzi na mapie
Odpowiedzi zakodowano w zielono-czerwonej skali na mapie do tego quizu, zgodnie z poniższymi procentami.
 
Statystyki odpowiedzi
Państwo % Poprawnych
Polska
94%
Rosja
90%
Norwegia
88%
Szwecja
88%
Finlandia
87%
Niemcy
86%
Ukraina
86%
Białoruś
84%
Chorwacja
84%
Francja
84%
Słowacja
84%
Andora
83%
Czechy
83%
Hiszpania
83%
Litwa
83%
Bośnia i Hercegowina
82%
Estonia
82%
Holandia
82%
Słowenia
82%
Węgry
82%
Czarnogóra
81%
Irlandia
81%
Łotwa
81%
Luksemburg
81%
Portugalia
81%
Watykan
81%
Albania
80%
Belgia
80%
Bułgaria
80%
Dania
80%
Grecja
80%
Islandia
80%
Rumunia
80%
Macedonia Północna
78%
San Marino
78%
Serbia
78%
Austria
77%
Mołdawia
77%
Wielka Brytania
77%
Liechtenstein
76%
Włochy
76%
Kosowo
75%
Malta
75%
Szwajcaria
73%
Monako
71%
Nie znaleziono quizów pasujących do podanych kryteriów
Rozkład punktacji
Procent ludzi z każdym wynikiem
Percentyl według liczby udzielonych odpowiedzi
Twoja historia wyników
Nie rozwiązałeś tego quizu